• 首页
  • 本馆介绍
  • 公告通知
  • 最新文献
  • 馆藏检索
  • 电子资源
  • 读者导购
  • 参考咨询
  • 我的图书馆
  • 登录
  • 详细信息显示
  • 放入我的书架
  • 预约/预借图书
  • 作者相关作品
  • 分类相关作品
  • 丛书相关作品
  • 出版社相关作品

书目信息

  • 表格格式
  • 工作单格式
  • 卡片格式
题名:
素描的艺术
    
 
作者: 德拉克洛瓦 绘 ;张健 , 黄海蓉 编著
分册:   德拉克洛瓦
出版信息: 武汉   湖北美术出版社  2016.08
页数: 109页
开本: 26cm
丛书名:
单 册:
中图分类: J234 , J234(565)
科图分类:
主题词: 素描--su miao--作品集--世界 , 素描--su miao--作品集--法国--近代
电子资源:
ISBN: 978-7-5394-8594-2
000 01301nam 2200325 450
001 CAL 0120162030501
005 20161019142409.6
010    @a978-7-5394-8594-2@b@dCNY42.00
100    @a20161019d2016 em y0chiy50 ea
101 0  @achi
102    @aCN@b420000
105    @aa z 000yy
106    @ar
200 1  @a素描的艺术@Asu miao de yi shu@f黄海蓉主编@Fhuang hai rong zhu bian@g@i德拉克洛瓦@f编著张健
210    @a武汉@c湖北美术出版社@d2016.08
215    @a109页@c图 (部分彩图)@d26cm
312    @a英文题名取自封面
330    @a本套丛书挑选了从文艺复兴到近现代的西方名家大师的经典素描独立编撰成册, 全面展示了西方600年间素描艺术的发展历程、流派风格及大师们各自不同的技法特征, 为国内对西方素描史的研究提供了珍贵的图像文本。本册为德拉克洛瓦, 收录的作品主要包括: 阿拉伯人的素描、阿拉伯的厨师等。
510 1  @aArt of sketch@iEugene Delacroix@zeng
517 1  @a德拉克洛瓦@Ade la ke luo wa
606 0  @a素描@Asu miao@x作品集@y世界
606 0  @a素描@Asu miao@x作品集@y法国@z近代
690    @aJ234@v5
690    @aJ234(565)@v5
701  1 @a德拉克洛瓦@Ade la ke luo wa@g(Ddlarcroix, Eugene),@f1798-1863@4绘
702  0 @a张健@Azhang jian@4编著
702  0 @a黄海蓉@Ahuang hai rong@4主编
801  0 @aCN@b人天书店@c20161019@g
905    @aBZT@dJ234@e6-1
906    @dCNY42.00@n3@r1
    
    素描的艺术/黄海蓉主编.德拉克洛瓦/编著张健.-武汉:湖北美术出版社,2016.08
    109页:图 (部分彩图);26cm
    
    
    ISBN 978-7-5394-8594-2:CNY42.00
    本套丛书挑选了从文艺复兴到近现代的西方名家大师的经典素描独立编撰成册, 全面展示了西方600年间素描艺术的发展历程、流派风格及大师们各自不同的技法特征, 为国内对西方素描史的研究提供了珍贵的图像文本。本册为德拉克洛瓦, 收录的作品主要包括: 阿拉伯人的素描、阿拉伯的厨师等。
●
相关链接 在五车中查询图书 在当当中查询图书 在豆瓣中查询图书


正题名:素描的艺术     索取号:J234/6-1         预约/预借

序号 登录号 条形码 馆藏地/架位号 状态 备注
1 840697   2000840697   第二书库/ [索取号:J234/6-1] 在馆    
2 840698   2000840698   第二书库/ [索取号:J234/6-1] 在馆    
3 840699   2000840699   第二书库/ [索取号:J234/6-1] 在馆    
山东省滨州职业学院图书馆 欢迎您!
大连网信软件有限公司© 版权所有